| 000 | 00792cam a22002531 4500 | ||
|---|---|---|---|
| 001 | 31309 | ||
| 003 | BD-RjUL | ||
| 005 | 20211209051702.0 | ||
| 008 | 140415s19631958enk b 001 0 eng | ||
| 035 | _a(BD-RjUL)31396 | ||
| 040 |
_aDLC _cDLC _dDLC _dICU _beng |
||
| 041 | _aeng | ||
| 082 | 0 | 0 |
_a192 _bWAE 1963 |
| 100 | 1 |
_aWarnock, G. J. _q(Geoffrey James), _d1923- _92889 |
|
| 245 | 1 | 0 |
_aEnglish philosophy since 1900 / _cG. J. Warnock |
| 260 |
_aLondon : _aNew York : _bOxford University Press, _cC1958 [reprinting 1963] |
||
| 300 |
_a180 p. ; _c17 cm. |
||
| 504 | _aIncludes index | ||
| 650 | 0 |
_aPhilosophy, English _y20th century. _995277 |
|
| 942 |
_2ddc _cBK |
||
| 999 |
_c31309 _d31309 |
||